000 00389nam a22001697a 4500
005 20160622121159.0
008 160622b xxu||||| |||| 00| 0 eng d
020 _a0-471-25454-1
041 _aeng
082 _b8999
100 _aBesanko, David and others
_92497
245 _aEconomics of Strategy
260 _bJohn Wily
300 _a623
650 _aManagement
_9241
942 _cBK
999 _c3551
_d3550